Science Quiz

Random Science Quiz

Electromagnetic Waves Quiz Stats

Quiz not verified by Sporcle

Challenge
Share
Tweet
Embed
Score 0/7 Timer 05:00
0 Plays Today
used in Type % Correct
????
96%
????
72%
????
56%
????
54%
????
48%
????
46%
????
38%

You're not logged in!

Compare scores with friends on all Sporcle quizzes.
Join for Free
OR
Log In

You Might Also Like...

Show Comments

Extras

Created May 18, 2011ReportNominate
Tags:electromagnetic, wave

Top Quizzes Today


Score Distribution

Your Account Isn't Verified!

In order to create a playlist on Sporcle, you need to verify the email address you used during registration. Go to your Sporcle Settings to finish the process.

Report this User

Report this user for behavior that violates our Community Guidelines.

Details: